[Event "Stuttgart-chB int"]
[Site "Ditzingen"]
[Date "2014.05.29"]
[Round "2"]
[White "Kusch, Jacek"]
[Black "Pietzka, Martin"]
[Result "1/2-1/2"]
[WhiteElo "1720"]
[BlackElo "1805"]
[PlyCount "61"]
[EventDate "2014.05.29"]
[EventType "swiss"]
[EventRounds "7"]
[EventCountry "GER"]
[SourceTitle "EXT 2015"]
[Source "ChessBase"]
[SourceDate "2014.11.20"]
[SourceVersion "1"]
[SourceVersionDate "2014.11.20"]
[SourceQuality "1"]

1. e4 c6 2. d4 d5 3. exd5 cxd5 4. c4 dxc4 5. Bxc4 Nf6 6. Nf3 e6 7. 0-0 Be7 8. Nc3 0-0 9. d5 exd5 10. Nxd5 Nxd5 11. Bxd5 Qc7 12. Be3 Nd7 13. Rc1 Qd8 14. Qb3 Nf6 15. Rfd1 Nxd5 16. Rxd5 Qe8 17. Re5 Be6 18. Qxb7 Bf6 19. Rb5 Rb8 20. Qxb8 Qxb8 21. Rxb8 Rxb8 22. b3 a6 23. Ng5 Bf5 24. Rc7 Rd8 25. f3 Bxg5 26. Bxg5 f6 27. Be3 Rd1+ 28. Kf2 Ra1 29. a4 Ra2+ 30. Kg3 Bc2 31. b4 1/2-1/2